000 00242 a2200097 4500
001 55719
100 _a
245 _aEarly developements of modern aerodynamics
260 _aU SA
_bAAIA Education series
_c2001
090 _c34603
_d34603
942 _aNUST-CAE
_cMONOGRAPH
_c27340
999 _c290792
_d290792